| 000 | 00807nam a2200241 i 4500 | ||
|---|---|---|---|
| 001 | 184498 | ||
| 003 | ES-MaACL | ||
| 005 | 20250811063207.0 | ||
| 008 | 150914s1983 sp |||| |dspa d | ||
| 080 | _a141.336 | ||
| 100 | 1 |
_aGalindo Aguilar, Emilio, _d1927-2014 _9157448 |
|
| 245 | 1 | 4 |
_aLos sufíes _b: esos hombres incómodos del Islam / _cEmilio Galindo. |
| 260 |
_aMadrid : _bCEFOR, Aula "Fe y Modernidad", _c[1983] |
||
| 300 |
_a26 p. ; _c22 cm. |
||
| 490 | 1 |
_aPliegos de estraza ; _v6 |
|
| 594 | _aSe pronunció el 7 de noviembre. | ||
| 597 | _aP. sujetas por cordel. | ||
| 650 | 7 |
_aSufismo. _917256 |
|
| 650 | 0 | 4 |
_aMisticismo musulmán. _915090 |
| 830 | 0 |
_aPliegos de estraza ; _v6 _9192167 |
|
| 852 |
_aES-MaACL _j2332-F-38 _z. - Donat. Carlos París |
||
| 999 |
_c184498 _d184498 |
||